Genetic epidemiology : (Record no. 31846)
[ view plain ]
| 000 -LEADER | |
|---|---|
| fixed length control field | 00843nam a22002655i 4500 |
| 001 - CONTROL NUMBER | |
| control field | 20475198 |
| 005 - DATE AND TIME OF LATEST TRANSACTION | |
| control field | 20230830100142.0 |
| 008 - FIXED-LENGTH DATA ELEMENTS--GENERAL INFORMATION | |
| fixed length control field | 180430s2018 nyu 000 0 eng |
| 010 ## - LIBRARY OF CONGRESS CONTROL NUMBER | |
| LC control number | 2018942871 |
| 020 ## - INTERNATIONAL STANDARD BOOK NUMBER | |
| International Standard Book Number | 9781493978670 |
| 040 ## - CATALOGING SOURCE | |
| Original cataloging agency | DLC |
| Language of cataloging | eng |
| Description conventions | rda |
| Transcribing agency | DLC |
| 042 ## - AUTHENTICATION CODE | |
| Authentication code | pcc |
| 050 ## - LIBRARY OF CONGRESS CALL NUMBER | |
| Classification number | RA 651 |
| Item number | .G46 2018 |
| 245 00 - TITLE STATEMENT | |
| Title | Genetic epidemiology : |
| Remainder of title | methods and protocols / |
| Statement of responsibility, etc. | Evangelos Evangelos. |
| 260 ## - PUBLICATION, DISTRIBUTION, ETC. (IMPRINT) | |
| Place of publication, distribution, etc. | New York, NY, |
| Name of publisher, distributor, etc. | Humana Press, |
| Date of publication, distribution, etc. | 2018 |
| 263 ## - PROJECTED PUBLICATION DATE | |
| Projected publication date | 1806 |
| 300 ## - PHYSICAL DESCRIPTION | |
| Extent | x, 299 pages : |
| Other physical details | illustrations. |
| Size of unit | 28cm |
| 490 ## - SERIES STATEMENT | |
| Series statement | Methods in molecular biology (Clifton, N.J.), v. 1793 |
| 500 ## - GENERAL NOTE | |
| General note | Include index |
| 650 ## - SUBJECT ADDED ENTRY--TOPICAL TERM | |
| Topical term or geographic name as entry element | Epidemiologic Studies |
| 650 ## - SUBJECT ADDED ENTRY--TOPICAL TERM | |
| Topical term or geographic name as entry element | Epidemiology |
| 906 ## - LOCAL DATA ELEMENT F, LDF (RLIN) | |
| a | 0 |
| b | ibc |
| c | orignew |
| d | 2 |
| e | epcn |
| f | 20 |
| g | y-gencatlg |
| 942 ## - ADDED ENTRY ELEMENTS (KOHA) | |
| Source of classification or shelving scheme | |
| Classification part | RA 651 .G46 2018 |
| Koha item type | Hard Covered Materials |
| Withdrawn status | Lost status | Source of classification or shelving scheme | Damaged status | Not for loan | Home library | Current library | Shelving location | Date acquired | Source of acquisition | Total Checkouts | Full call number | Barcode | Date last seen | Price effective from | Koha item type |
|---|---|---|---|---|---|---|---|---|---|---|---|---|---|---|---|
| MACHAKOS UNIVERSITY LIBRARY | MACHAKOS UNIVERSITY LIBRARY | Open shelf | 29/08/2023 | Donation-Falcon books | RA 651 .G46 2018 | 39649 | 04/09/2023 | 30/08/2023 | Hard Covered Materials |